000 00522nam a22001931 4500
001 bimo0000888788
003 OSt
005 20140211171009.0
008 900725s1973 mex spa
040 _aSpMaBN
_bspa
_cBMC
082 _a863.9921
100 1 _aFuentes, Carlos
_94809
245 1 4 _aLas buenas conciencias
_cCarlos Fuentes
250 _a1ª ed., 7ª reimp
260 _aMéxico, D.F.
_bFondo de Cultura Económica
_c1973
300 _a191 p.
_c17 cm
490 _aColección Popular
_v10
942 _2ddc
_cBK
999 _c6837
_d6837